02078 a2200289 4500952013300000999001700133020003000150020002700180020002500207050002200232100004000254245007900294300003700373336002600410337002900436338002700465504006600492505037500558520060800933650003001541650003001571650002901601650004301630650005501673700003201728942002801760 00102lcc40708NFICaCCLbCCLcGENd2023-09-13eDonationl0oHF1385DAV 2012p032856r2023-09-13 00:00:00tc. 1w2023-09-13yBK c10987d10987 a9780691152752 (hardcover) a0691152756 (hardcover) a9780691152769 (pbk.)00aHF1385b.DAV 20121 aDavis, Christina L.,d1971-eauthor10aWhy adjudicate? :benforcing trade rules in the WTO /cChristina L. Davis. axvi, 326 pages:billustrations ; 2rdacontentatextbtxt 2rdamediaaunmediated bn 2rdacarrieravolumebnc aIncludes bibliographical references (p. [301]-318) and index.0 aIntroduction -- Domestic constraints and active enforcement -- The democratic propensity for adjudication -- The litigious state : U.S. trade policy -- The reluctant litigant: Japanese trade policy -- Conflict management : evaluating the effectiveness of adjudication -- Level playing field? : adjudication by developing countries -- Conclusion -- Bibliography -- Index. aThe World Trade Organization (WTO) oversees the negotiation and enforcement of formal rules governing international trade. Why do countries choose to adjudicate their trade disputes in the WTO rather than settling their differences on their own? In Why Adjudicate?, Christina Davis investigates the domestic politics behind the filing of WTO complaints and reveals why formal dispute settlement creates better outcomes for governments and their citizens. Davis demonstrates that industry lobbying, legislative demands, and international politics influence which countries and cases appear before the WTO 0aForeign trade regulation. 0aAdministrative procedure. 0aWorld Trade Organization 0aBUSINESS & ECONOMICS Exports & Imports 0aPOLITICAL SCIENCE International Relations Treaties aChristina L. Davis.eauthor 2lcccBKh1385iDAV kHF